| 000 | 00481nam a22001577a 4500 | ||
|---|---|---|---|
| 008 | 230609b |||||||| |||| 00| 0 eng d | ||
| 020 | _a978525428084 | ||
| 040 |
_aNational Science Library _cNational Science Library |
||
| 080 |
_a62 _bQ6 |
||
| 100 |
_aKelly, Kevin _911308 |
||
| 245 |
_aInevitable: _bUnderstanding the 12 technological forces that will shape our future |
||
| 260 |
_aNew York: _bViking, _c2016 |
||
| 300 | _avi, 328p. | ||
| 650 | _aScience | ||
| 942 |
_2udc _cBK |
||
| 999 |
_c41495 _d41495 |
||